| 000 | 00370nam a2200133Ia 4500 | ||
|---|---|---|---|
| 008 | 150202s9999 xx 000 0 und d | ||
| 020 | _a345388011 | ||
| 050 |
_aFIC _bFIC |
||
| 100 | _aKienzle, Willam X. | ||
| 245 |
_aCall no man father / _cWilliam X. Kienzle. |
||
| 260 |
_aNew York : _bBallantine Books, _c1995. |
||
| 300 |
_a342 pages : _c18 cm. |
||
| 650 | _aFiction. | ||
| 999 |
_c282149 _d282149 |
||